000 00310nam a2200121Ia 4500
008 190802s9999 xx 000 0 und d
020 _a978-93-325-4252-5
100 _aM.Morris Mano
245 0 _aDigital Logic and Computer Design
260 _aNew Delhi
_bMcGraw Hill
_c2017
300 _a545:p
942 _cBK
999 _c2319
_d2319